000
00295nam a22001337a 4500
008
210521b ||||| |||| 00| 0 eng d
041
_a
eng
080
_2
4th
_a
616.31
082
_a
616.31
100
_a
5
101
_a
STO
245
_a
An Atlas of Tooth Form
_c
Wheeler,R.C
942
_2
udc
_c
BK
999
_c
57588
_d
57588